000
00353 a2200169 4500
001
190251
020
_a
040
_c
Magnum
100
_a
Braga, Cláudia
240
1
0
_a
O menino e o dragão
_l
por
245
1
0
_a
O menino e o dragão
300
_a
24
362
0
_a
2010
440
1
_a
Mira Cultural
697
_a
LITERATURA INFANTIL
942
_c
BK
999
_c
190251
_d
190251